| 000 | 01051nam a2200277 a 4500 | ||
|---|---|---|---|
| 001 | 62053 | ||
| 003 | BD-RjUL | ||
| 005 | 20211209081034.0 | ||
| 008 | 170122s1997 bg aa b 001 0 eng | ||
| 020 | _a9845123465 | ||
| 035 | _a(BD-RjUL)62178 | ||
| 040 |
_aDLC _cDLC _beng _dBD-RjUL |
||
| 041 | _aeng | ||
| 082 |
_223 _a725.94 _bMAI 1997 |
||
| 245 | 0 | 0 |
_aMainamati-Devaparvata : _ba survey of historical monuments and sites in Bangladesh, SHMSB 001 / _ceditor, A.B.M. Husain ; co-editors, M. Harunur Rashid ... [et al.]. |
| 260 |
_aDhaka : _bAsiatic Society of Bangladesh, _cc1997. |
||
| 300 |
_axiv, 304 p. : _bill. ; _c26 cm. |
||
| 504 | _aIncludes bibliographical references (p. [294]-299) and index. | ||
| 650 | 0 |
_aHistoric sites _zBangladesh _zMainamati. _9184591 |
|
| 650 | 0 |
_aMonuments _zBangladesh _zMainamati. _9184592 |
|
| 651 | 0 |
_aMainamati (Bangladesh) _xAntiquities. _9184593 |
|
| 700 | 1 |
_aHusain, A. B. M., _d1934- _9184594 |
|
| 700 | 1 |
_aRashid, M. Harunur. _9184595 |
|
| 710 | 2 |
_aAsiatic Society of Bangladesh. _9171353 |
|
| 942 |
_2ddc _cBK |
||
| 999 |
_c62053 _d62053 |
||